00334pab a2200121 454500008004000000100001800040245006200058260000900120300001300129362001100142650002500153773003400178180718b2013 xxu||||| |||| 00| 0 eng d aNawani, Disha aReflections on annual status of educational research 2012 c2013 ap.19-22. a23 Mar aEducational research aEconomic and Political Weekly